LOS 25 PUEBLOS CON MÁS HABITANTES DE ARAGÓN - Estadísticas

Estadísticas generales
  • Esta prueba ha sido intentada 124 veces
  • La puntuación promedio es 14 de 25
Estadísticas de respuestas
Puesto Pueblo Población Provincia % Correcto
Zaragoza 683 949 Zaragoza
98%
Huesca 54 136 Huesca
97%
Teruel 36 267 Teruel
97%
12° Jaca 13 594 Huesca
85%
Calatayud 19 713 Zaragoza
80%
Alcañiz 16 108 Teruel
75%
Utebo 18 917 Zaragoza
75%
Barbastro 17 308 Huesca
72%
Monzón 17 856 Huesca
67%
Ejea de los Caballeros 17 149 Zaragoza
65%
10° Fraga 15 243 Huesca
57%
14° Caspe 10 280 Zaragoza
54%
13° Tarazona 10 683 Zaragoza
54%
11° Cuarte de Huerva 14 629 Zaragoza
47%
18° La Almunia 7 891 Zaragoza
47%
20° Andorra 7 210 Teruel
46%
15° Binéfar 10 041 Huesca
46%
19° Alagon 7 256 Zaragoza
45%
25° Borja 5 074 Zaragoza
42%
17° Zuera 8 639 Zaragoza
40%
21° Tauste 6 802 Zaragoza
37%
24° María de Huerva 6 430 Zaragoza
33%
23° La Muela 6 453 Zaragoza
26%
22° La Puebla de Alfindén 6 497 Zaragoza
20%
16° Sabiñago 9 394 Huesca
3%
No se encontraron pruebas coincidentes
Distribución de puntuación
Porcentaje de gente con cada puntuación
Porcentaje por número respondido
Historial de tus puntuaciones
No has intentado esta prueba.